00615cam a2200217 a 450000100100000000500170001000800410002702000150006804000230008304300120010608200190011810000210013724500340015824600130019226000310020530000210023658600440025765000220030165000260032365100480034900000961520200929161637.0991111s1999 sp 000 f spa  a8476478976 aDO-SdBNPcDLCdDLC ae-sp--- a863.64bP452pe1 aPernas, Ramón.10aPaso a dos /cRamón Pernas.3 aPaso a 2 aSevilla :bAlgaida,c1999. a306 p. ;c23 cm. axxxi premio de novela ateneo de sevilla 4aNovela española 4aLiteratura española 4aEspañaxHistoriayGUERRA CIVIL, 1936-1939